Normal view
MARC view
- Aamir Mushtaq Cheema, Major(R)
Entry Personal Name
001 - CONTROL NUMBER
- control field: 9494
003 - CONTROL NUMBER IDENTIFIER
- control field: NUST
005 - DATE AND TIME OF LATEST TRANSACTION
- control field: 20180122141938.0
008 - FIXED-LENGTH DATA ELEMENTS
- fixed length control field: 180122|| aca||aabn | a|a d
040 ## - CATALOGING SOURCE
- Original cataloging agency: NUST
- Transcribing agency: NUST
100 ## - HEADING--PERSONAL NAME
- Personal name: Aamir Mushtaq Cheema, Major(R)
670 ## - SOURCE DATA FOUND
- Source citation: Work cat.: (NUST)321513: Aamir Mushtaq Cheema, Major(R), Royal Air Observation Post (Auster Era 1936-1956); evolution and campaigns, 2012
